Quem tem medo fica de fora! (Record no. 14794)

MARC details
000 -LÍDER
campo de controle de tamanho fixo 00383 a2200169 4500
001 - NÚMERO DE CONTROLE
campo de controle 14794
020 ## - ISBN - INTERNATIONAL STANDARD BOOK NUMBER
ISBN - International Standard Book Number 9788526216839
040 ## - FONTE DA CATALOGAÇÃO
Instituição que transcreveu o registro Anchieta - Aquarius
100 ## - ENTRADA PRINCIPAL--NOME PESSOAL
Nome pessoal Carr, Stella
240 10 - TÍTULO UNIFORME
Título uniforme Quem tem medo fica de fora!
Idioma da obra por
245 10 - TÍTULO
Título Quem tem medo fica de fora!
300 ## - DESCRIÇÃO FÍSICA
Extensão 55
362 0# - DATAS DE PUBLICAÇÃO E/OU DESIGNAÇÃO SEQUENCIAL
Datas de publicação e/ou designação sequencial 2006
440 #1 - DECLARAÇÃO DE SÉRIE/ENTRADA ADICIONADA--TÍTULO
Título Scipione
650 #4 - ASSUNTO--TERMO TÓPICO
Cabeçalho tópico ou nome geográfico Literatura brasileira
942 ## - ELEMENTOS DE ENTRADA ADICIONADOS (KOHA)
Tipo de material Koha Livros
Holdings
Situação do descarte Situação das perdas Situação física Não pode ser emprestado Biblioteca de origem Biblioteca atual Data de aquisição Total de empréstimos Código de barras Data de último acesso Data do preço efetivo Tipo de material Koha Número de chamada completo
        Colégio Anchieta - Aquarius Colégio Anchieta - Aquarius 21/11/2023   579/AQU 21/11/2023 21/11/2023 Livros  
        Colégio Anchieta - Aquarius Colégio Anchieta - Aquarius 21/11/2023   6820/AQU 21/11/2023 21/11/2023 Livros 869.93 CAR QUE
        Colégio Anchieta - Pituba Colégio Anchieta - Pituba 21/11/2023   6154/PIT 21/11/2023 21/11/2023 Livros LJ 028.5 C311q CAR QUE
        Colégio Anchieta - Pituba Colégio Anchieta - Pituba 21/11/2023   6155/PIT 21/11/2023 21/11/2023 Livros LJ 028.5 C311q CAR QUE
        Leonardo Da Vinci - Osasco Leonardo Da Vinci - Osasco 27/03/2024   O001568 27/03/2024 27/03/2024 Livros J C299q
        Leonardo Da Vinci - Osasco Leonardo Da Vinci - Osasco 27/03/2024   O005509 27/03/2024 27/03/2024 Livros J C299q
        Leonardo Da Vinci - Osasco Leonardo Da Vinci - Osasco 27/03/2024   O007586 27/03/2024 27/03/2024 Livros J C299q